00343nam a2200133 a 45000010010000000030011000100080041000210350026000620820014000881000022001022450022001242600046001466500017001920000-9142ELIB.Books110520 1996  a(ELIB.Books)0000-9294 a232 bSpa aSparks, T. Austin aUnion with Christ bPensacola: Testimony Book Ministry c1996 aJesus Christ